[Event "Skopje MKD"]
[Site "Skopje MKD"]
[Date "2014.04.04"]
[Round "8.90"]
[White "Cvetkovski, Slobodan"]
[Black "Hoffmann, Max"]
[Result "0-1"]
[WhiteElo "1876"]
[BlackElo "2063"]
[PlyCount "106"]
[EventDate "2014.03.29"]
[EventType "swiss"]
[EventRounds "9"]

1. e4 c5 2. Nf3 d6 3. d4 cxd4 4. Nxd4 Nf6 5. Nc3 a6 6. Bc4 e6 7. Be3 b5 8. Bd3
Bb7 9. f3 Nbd7 10. Qd2 Be7 11. O-O-O b4 12. Na4 d5 13. Rhe1 Qa5 14. b3 dxe4 15.
fxe4 O-O 16. Kb1 Bxe4 17. Nf3 Bxd3 18. Qxd3 Rfd8 19. Qe2 Nd5 20. Bd4 Bf6 21.
Qe4 Rac8 22. Ne5 Nxe5 23. Bxe5 Bxe5 24. Qxe5 Qc7 25. Qxc7 Rxc7 26. Kc1 Rdc8 27.
Re2 Rc6 28. Rdd2 f6 29. Kd1 Kf7 30. Ke1 R8c7 31. g3 f5 32. Kf2 Nf6 33. Ke3 Ne4
34. Rd4 a5 35. c4 bxc3 36. Rc2 g5 37. Rd3 Kf6 38. Rd8 Rc8 39. Rxc8 Rxc8 40. Nb6
Rd8 41. Nc4 Rd5 42. Nb6 Rd2 43. Rxd2 cxd2 44. Ke2 f4 45. Nc4 f3+ 46. Kd1 f2 47.
Ne3 Ke5 48. a3 Kd4 49. Ke2 Kc3 50. b4 axb4 51. axb4 Kxb4 52. Nc2+ Kc3 53. Ne3
Kb2 0-1

[Event "Skopje MKD"]
[Site "Skopje MKD"]
[Date "2014.04.04"]
[Round "8.91"]
[White "Ilic, Slobodan S"]
[Black "Becking, Franz Josef"]
[Result "1/2-1/2"]
[WhiteElo "2055"]
[BlackElo "1943"]
[PlyCount "61"]
[EventDate "2014.03.29"]
[EventType "swiss"]
[EventRounds "9"]

1. c4 c6 2. Nf3 d5 3. b3 Nf6 4. g3 Bf5 5. Ba3 Nbd7 6. Bg2 h6 7. O-O e6 8. Bxf8
Nxf8 9. d3 N8d7 10. Nbd2 O-O 11. Qc2 e5 12. e4 Bh7 13. Nh4 dxe4 14. dxe4 Qb6
15. Rfe1 Rad8 16. h3 Nc5 17. Nf5 Ne6 18. Nf1 Nd4 19. Qc3 Rfe8 20. g4 Bxf5 21.
exf5 c5 22. Re3 Qc7 23. Rae1 Rd7 24. Qc1 Rde7 25. Rg3 Qa5 26. g5 Nh5 27. gxh6
Nxg3 28. Nxg3 gxh6 29. Qxh6 Qxe1+ 30. Kh2 Qxf2 31. Qg5+ 1/2-1/2

[Event "Skopje MKD"]
[Site "Skopje MKD"]
[Date "2014.04.04"]
[Round "8.92"]
[White "Schleich, Theodor"]
[Black "Grigoriadis, Mihail"]
[Result "1-0"]
[WhiteElo "2052"]
[BlackElo "1940"]
[PlyCount "83"]
[EventDate "2014.03.29"]
[EventType "swiss"]
[EventRounds "9"]

1. d4 Nf6 2. Bg5 Ne4 3. Bf4 c5 4. f3 Nf6 5. dxc5 Qa5+ 6. Nc3 Qxc5 7. e4 Nc6 8.
Nb5 e5 9. Bg3 Nb4 10. c3 Na6 11. b4 Qe7 12. Qb3 g6 13. Rd1 d5 14. exd5 Nd7 15.
Nh3 Bg7 16. Be2 O-O 17. O-O Kh8 18. d6 Qe8 19. Rfe1 f5 20. Bf2 f4 21. Ng5 Nf6
22. Bc4 h6 23. Nf7+ Rxf7 24. Bxf7 Qxb5 25. Bxg6 Bd7 26. Bd3 Qa4 27. b5 Qxb3 28.
axb3 Nb8 29. Bh4 Ne8 30. Be4 a5 31. c4 Bc8 32. c5 Ra7 33. Bf2 b6 34. c6 Nd7 35.
Bf5 Nef6 36. Bxb6 Nxb6 37. Bxc8 Nxc8 38. d7 Nxd7 39. cxd7 Rxd7 40. Rxd7 Nb6 41.
Rb7 Nd5 42. Rd1 1-0

[Event "Skopje MKD"]
[Site "Skopje MKD"]
[Date "2014.04.04"]
[Round "8.93"]
[White "Gjeorgjievski, Done"]
[Black "Mattes, Heinz"]
[Result "1-0"]
[WhiteElo "1784"]
[BlackElo "2043"]
[PlyCount "107"]
[EventDate "2014.03.29"]
[EventType "swiss"]
[EventRounds "9"]

1. e4 e6 2. d4 d5 3. Nd2 Nf6 4. Bd3 c5 5. dxc5 Bxc5 6. Qe2 Nc6 7. Ngf3 Qc7 8.
O-O Bd7 9. c3 a6 10. e5 Ng4 11. Nb3 Be7 12. Bf4 h5 13. h3 Nh6 14. Nbd4 g6 15.
Rac1 Bf8 16. c4 Nxd4 17. Nxd4 dxc4 18. Rxc4 Qd8 19. Rfc1 Bg7 20. Be4 Rb8 21.
Rc7 g5 22. Bxb7 Rxb7 23. Rxb7 gxf4 24. Qxa6 O-O 25. Qa7 Bc8 26. Rbc7 Bxe5 27.
Nc6 Qxc7 28. Ne7+ Qxe7 29. Qxe7 Nf5 30. Qg5+ Bg7 31. b4 h4 32. a4 Bb7 33. a5
Ba6 34. Rc6 Ra8 35. Rb6 Nd4 36. b5 Bxb5 37. Rxb5 Nxb5 38. Qxb5 Bd4 39. a6 e5
40. Kf1 Kg7 41. Ke2 Ra7 42. Kf3 f5 43. g3 hxg3 44. fxg3 fxg3 45. Kxg3 Kf6 46.
h4 Rg7+ 47. Kf3 Ra7 48. Qc6+ Kf7 49. h5 Ke7 50. Ke2 Kf7 51. Qg6+ Ke7 52. h6 Ra8
53. Qg7+ Ke6 54. h7 1-0

[Event "Skopje MKD"]
[Site "Skopje MKD"]
[Date "2014.04.04"]
[Round "8.94"]
[White "Aydin, Kaan Ayhan"]
[Black "Spelec, Darko"]
[Result "1-0"]
[WhiteElo "1795"]
[BlackElo "2033"]
[PlyCount "91"]
[EventDate "2014.03.29"]
[EventType "swiss"]
[EventRounds "9"]

1. d4 d5 2. Bg5 h6 3. Bh4 c5 4. dxc5 Qa5+ 5. Nc3 e6 6. e4 g5 7. Qd4 gxh4 8.
Qxh8 Ne7 9. Bb5+ Bd7 10. Bxd7+ Nxd7 11. exd5 exd5 12. Nge2 O-O-O 13. O-O-O Nxc5
14. Qd4 Nc6 15. Qg4+ Ne6 16. Nf4 h5 17. Qf5 Bh6 18. g3 Bxf4+ 19. gxf4 d4 20.
Qxa5 Nxa5 21. Ne2 Nc6 22. a3 Rd5 23. Rhg1 Rf5 24. Rg8+ Kc7 25. Rh8 Nxf4 26.
Nxf4 Rxf4 27. Rxh5 f5 28. Rd2 a5 29. Rh6 a4 30. Re2 Kb6 31. Kd2 Kc5 32. b4+ Kc4
33. Kc1 Kc3 34. Rh7 Rg4 35. Kb1 Rg1+ 36. Ka2 Rc1 37. Rxb7 d3 38. cxd3 Nd4 39.
Rc7+ Kxd3 40. Re3+ Kd2 41. Rxc1 Kxc1 42. Rh3 Ne2 43. Rxh4 f4 44. Rh8 Nc3+ 45.
Ka1 Ne4 46. Rc8+ 1-0

[Event "Skopje MKD"]
[Site "Skopje MKD"]
[Date "2014.04.04"]
[Round "8.95"]
[White "Uzumcu, Ahmet Utku"]
[Black "Bejatovic, Bojana"]
[Result "1/2-1/2"]
[WhiteElo "1681"]
[BlackElo "2016"]
[PlyCount "100"]
[EventDate "2014.03.29"]
[EventType "swiss"]
[EventRounds "9"]

1. e4 e6 2. d4 d5 3. Nd2 c5 4. Ngf3 Nc6 5. exd5 exd5 6. Bb5 cxd4 7. Nb3 Bd7 8.
O-O Bd6 9. Re1+ Nge7 10. Bxc6 bxc6 11. Nbxd4 O-O 12. Ne5 c5 13. Nxd7 Qxd7 14.
Nf3 Ng6 15. Bg5 h6 16. Bh4 Nxh4 17. Nxh4 Rfe8 18. Qf3 Rxe1+ 19. Rxe1 Re8 20.
Rxe8+ Qxe8 21. g3 Qe5 22. Nf5 Bf8 23. Ne3 d4 24. Nc4 Qe6 25. b3 g5 26. g4 Bg7
27. Qf5 Qe7 28. Kg2 Qb7+ 29. Qf3 Qe7 30. h3 Qe6 31. Qf5 Qc6+ 32. Qf3 Qg6 33.
Qf5 Qc6+ 34. Kg1 Qc7 35. Qe4 Qd7 36. Kg2 Qc7 37. Qf3 Qe7 38. Qd5 Bf8 39. Ne5
Qf6 40. Nd7 Qe7 41. Qf5 a6 42. a4 a5 43. Qd5 Qd8 44. Kf1 Qe7 45. Qf5 Qd8 46.
Nf6+ Kg7 47. Nd5 Bd6 48. Kg2 Bb8 49. Kf1 Qd6 50. Ke2 Qe6+ 1/2-1/2

[Event "Skopje MKD"]
[Site "Skopje MKD"]
[Date "2014.04.04"]
[Round "8.98"]
[White "Taylor, Robert Graham"]
[Black "Can, Isik"]
[Result "1/2-1/2"]
[WhiteElo "1945"]
[BlackElo "1762"]
[PlyCount "37"]
[EventDate "2014.03.29"]
[EventType "swiss"]
[EventRounds "9"]

1. d4 Nf6 2. c4 e6 3. Nf3 b6 4. g3 Bb7 5. Bg2 Be7 6. O-O O-O 7. b3 c5 8. Bb2 d6
9. Nc3 cxd4 10. Nxd4 Bxg2 11. Kxg2 a6 12. Qc2 Qc7 13. e4 Nbd7 14. f4 Qb7 15.
Nf3 b5 16. cxb5 axb5 17. Qe2 b4 18. Qb5 Qxb5 19. Nxb5 1/2-1/2

[Event "Skopje MKD"]
[Site "Skopje MKD"]
[Date "2014.04.04"]
[Round "8.99"]
[White "Nikolovski, Martin"]
[Black "Jorgensen, Line Jin"]
[Result "1-0"]
[WhiteElo "1761"]
[BlackElo "1923"]
[PlyCount "85"]
[EventDate "2014.03.29"]
[EventType "swiss"]
[EventRounds "9"]

1. d4 d5 2. Nf3 Nf6 3. Bf4 e6 4. c3 Be7 5. h3 O-O 6. e3 c5 7. Bd3 Nc6 8. O-O b6
9. Nbd2 Bb7 10. Re1 Re8 11. e4 dxe4 12. Nxe4 cxd4 13. cxd4 Nxd4 14. Ne5 Bb4 15.
Nc3 Rc8 16. Rc1 g6 17. a3 Bxc3 18. bxc3 Nf5 19. c4 Nh5 20. Bh2 f6 21. g4 fxe5
22. gxh5 Nh4 23. Be4 Bxe4 24. Rxe4 Qf6 25. Bg3 Rcd8 26. Qg4 Nf3+ 27. Kg2 Qg5
28. Qxf3 Qxc1 29. hxg6 hxg6 30. Qf6 Rd7 31. Qxg6+ Kf8 32. Rh4 Ke7 33. Rh7+ Kd8
34. Bh4+ Kc7 35. Rxd7+ Kxd7 36. Qf7+ Kd6 37. Qxe8 Kc5 38. Qxe6 Kd4 39. Qd5+ Kc3
40. Qxe5+ Kc2 41. Bf6 Qxa3 42. Qe2+ Kc1 43. Qe3+ 1-0

[Event "Skopje MKD"]
[Site "Skopje MKD"]
[Date "2014.04.04"]
[Round "8.100"]
[White "Tairi, Krenar"]
[Black "Nikolov, Kole"]
[Result "1-0"]
[WhiteElo "1886"]
[BlackElo "1718"]
[PlyCount "76"]
[EventDate "2014.03.29"]
[EventType "swiss"]
[EventRounds "9"]

1. d4 Nf6 2. c4 e6 3. Nf3 b6 4. e3 Bb7 5. Bd3 d5 6. b3 c5 7. Bb2 Nc6 8. Nbd2
Be7 9. a3 O-O 10. Qc2 Rc8 11. Rc1 h6 12. O-O a5 13. Rfd1 Kh8 14. h3 cxd4 15.
exd4 Nd7 16. Nf1 Bf6 17. Qd2 Ne7 18. N1h2 Re8 19. Ng4 dxc4 20. Nxh6 Rf8 21.
bxc4 Bxf3 22. gxf3 Ng6 23. Nxf7+ Rxf7 24. Bxg6 Bg5 25. Qe2 Bxc1 26. f4 Bxb2 27.
Qh5+ Kg8 28. Bxf7+ Kf8 29. Bxe6 Ke7 30. Bxd7 Kxd7 31. Qb5+ Kc7 32. Qxb2 Qf6 33.
Qd2 Qg6+ 34. Kf1 Rh8 35. Qe3 Re8 36. Qd3 Qf6 37. Re1 Rxe1+ 38. Kxe1 Qxf4 1-0

[Event "Skopje MKD"]
[Site "Skopje MKD"]
[Date "2014.04.04"]
[Round "8.105"]
[White "Rykov, Ivan"]
[Black "Okuyaz, Duru"]
[Result "1/2-1/2"]
[WhiteElo "1783"]
[BlackElo "1678"]
[PlyCount "45"]
[EventDate "2014.03.29"]
[EventType "swiss"]
[EventRounds "9"]

1. d4 d5 2. c4 c6 3. Nc3 Nf6 4. e3 e6 5. Nf3 Nbd7 6. Bd3 dxc4 7. Bxc4 b5 8. Be2
b4 9. Nb1 Bb7 10. O-O Bd6 11. Nbd2 O-O 12. e4 Be7 13. e5 Nd5 14. Ne4 c5 15. Qd3
h6 16. Ne1 cxd4 17. Qxd4 Qb6 18. Qd3 Bc5 19. Nxc5 Nxc5 20. Qh3 Rac8 21. Bf3 a5
22. a3 bxa3 23. bxa3 1/2-1/2

[Event "Skopje MKD"]
[Site "Skopje MKD"]
[Date "2014.04.04"]
[Round "8.106"]
[White "Jovchev, Riste"]
[Black "Mihajlovski, Petre"]
[Result "1-0"]
[WhiteElo "1749"]
[BlackElo "2007"]
[PlyCount "73"]
[EventDate "2014.03.29"]
[EventType "swiss"]
[EventRounds "9"]

1. e4 c6 2. d4 d5 3. exd5 cxd5 4. Bd3 Nc6 5. c3 Nf6 6. Bf4 g6 7. h3 Bf5 8. Bxf5
gxf5 9. Qc2 e6 10. Nd2 Rg8 11. g3 Bd6 12. Ne2 h5 13. Rg1 Ne4 14. Nxe4 fxe4 15.
O-O-O a6 16. c4 Nb4 17. Qa4+ b5 18. cxb5 axb5 19. Qxb5+ Ke7 20. Qb7+ Kf6 21.
Be5+ Bxe5 22. dxe5+ Kg7 23. Qxb4 Qc7+ 24. Qc3 Qa7 25. Qe3 Rac8+ 26. Nc3 Qxa2
27. Qg5+ Kf8 28. Qh6+ Ke7 29. g4 Qa1+ 30. Kc2 Rxc3+ 31. Kxc3 Rc8+ 32. Kd2 Qxb2+
33. Ke1 Qc3+ 34. Qd2 Qf3 35. gxh5 Kd7 36. Rg3 Qh1+ 37. Ke2 1-0

[Event "Skopje MKD"]
[Site "Skopje MKD"]
[Date "2014.04.04"]
[Round "8.107"]
[White "Montolio Benedicto, Cesar"]
[Black "Zhezhov, Emil"]
[Result "1/2-1/2"]
[WhiteElo "1950"]
[BlackElo "1746"]
[PlyCount "78"]
[EventDate "2014.03.29"]
[EventType "swiss"]
[EventRounds "9"]

1. e4 e6 2. d3 b6 3. Nf3 Bb7 4. g3 d6 5. Bg2 Nd7 6. O-O g6 7. Re1 Bg7 8. c3 Ne7
9. d4 a6 10. Nbd2 O-O 11. Nf1 Kh8 12. Bd2 Qe8 13. Qc1 Ng8 14. h4 f6 15. N1h2
Qf7 16. Ng4 Rae8 17. Bh6 Nxh6 18. Nxh6 Bxh6 19. Qxh6 Qg7 20. Qxg7+ Kxg7 21.
Rad1 h6 22. Nd2 Bc8 23. Nc4 Nb8 24. e5 fxe5 25. dxe5 d5 26. Ne3 c5 27. f4 b5
28. Nc2 Re7 29. Ra1 g5 30. hxg5 hxg5 31. fxg5 Rf5 32. a4 Bd7 33. axb5 Bxb5 34.
b4 Rxg5 35. Re3 Nd7 36. bxc5 Nxc5 37. Nd4 Kf7 38. Ra5 Ne4 39. Bxe4 dxe4 1/2-1/2

[Event "Skopje MKD"]
[Site "Skopje MKD"]
[Date "2014.04.04"]
[Round "8.108"]
[White "Tevdovski, Zoran"]
[Black "Georgieva, Emilia"]
[Result "0-1"]
[WhiteElo "1743"]
[BlackElo "1921"]
[PlyCount "100"]
[EventDate "2014.03.29"]
[EventType "swiss"]
[EventRounds "9"]

1. e4 c6 2. d4 d5 3. Nc3 dxe4 4. Nxe4 Bf5 5. Ng3 Bg6 6. h4 h6 7. h5 Bh7 8. Nf3
Nd7 9. Bd3 Bxd3 10. Qxd3 Ngf6 11. Bf4 e6 12. O-O-O Qa5 13. Kb1 Be7 14. Ne5 Nxe5
15. Bxe5 O-O-O 16. Qe2 Rhg8 17. Rd3 Nd7 18. Bf4 a6 19. Ne4 Nf6 20. Nc3 Bd6 21.
Bd2 Qb6 22. g3 Rd7 23. f4 Rgd8 24. g4 Bb4 25. Be3 Bxc3 26. Rxc3 Nd5 27. Rb3 Qc7
28. Bf2 Nxf4 29. Qd2 Nd5 30. Bg3 Rd6 31. Qh2 Nf6 32. Bxd6 Rxd6 33. Qf4 Qd7 34.
Rd3 Rd5 35. Re1 Rg5 36. Rg3 Qd5 37. c3 Qc4 38. b3 Qd5 39. Kb2 b5 40. Re5 Qh1
41. Rxg5 hxg5 42. Qe3 Qh2+ 43. Ka3 a5 44. b4 a4 45. Qg1 Qd2 46. Qg2 Qc1+ 47.
Qb2 Qe1 48. Qg2 Ne4 49. Rh3 Qc1+ 50. Qb2 Nd6 0-1

[Event "Skopje MKD"]
[Site "Skopje MKD"]
[Date "2014.04.04"]
[Round "8.109"]
[White "Gaberov, Toshe"]
[Black "Imeri, Nazmidin"]
[Result "0-1"]
[WhiteElo "1731"]
[BlackElo "1904"]
[PlyCount "90"]
[EventDate "2014.03.29"]
[EventType "swiss"]
[EventRounds "9"]

1. c4 Nf6 2. g3 c6 3. Bg2 e6 4. Nf3 Be7 5. O-O O-O 6. d4 d5 7. c5 Nbd7 8. Nc3
h6 9. Bd2 Nh7 10. e4 Ng5 11. Re1 Nxe4 12. Nxe4 dxe4 13. Rxe4 Nf6 14. Re2 Nh7
15. Be3 Bf6 16. Qd2 Qe7 17. Rd1 Qd8 18. h4 Be7 19. Qc1 Qa5 20. a3 Qd8 21. Nh2
Nf6 22. Bxh6 gxh6 23. Qxh6 Nh7 24. Ng4 f5 25. Qg6+ Kh8 26. Ne5 Qe8 27. Qh6 Rf6
28. Qf4 Qh5 29. Bf3 Qe8 30. h5 Kg7 31. Kg2 Rh6 32. Qd2 Ng5 33. Ng6 Bf6 34. g4
Nxf3 35. Kxf3 fxg4+ 36. Kg3 Rxh5 37. Nf4 Rh6 38. Rde1 Qh8 39. f3 Rh3+ 40. Kf2
Rxf3+ 41. Kg1 Qh6 42. Nxe6+ Bxe6 43. Qxh6+ Kxh6 44. Rxe6 Kg5 45. R1e4 Rd8 0-1

[Event "Skopje MKD"]
[Site "Skopje MKD"]
[Date "2014.04.04"]
[Round "8.111"]
[White "Batkoski, Nenad"]
[Black "Minko, Dmitry"]
[Result "1/2-1/2"]
[WhiteElo "1897"]
[BlackElo "1703"]
[PlyCount "83"]
[EventDate "2014.03.29"]
[EventType "swiss"]
[EventRounds "9"]

1. e4 c5 2. Nf3 Nc6 3. c3 e5 4. d4 exd4 5. Bc4 Nf6 6. e5 d5 7. exf6 dxc4 8.
Qe2+ Be6 9. fxg7 Bxg7 10. O-O Qe7 11. Bg5 Bf6 12. Bxf6 Qxf6 13. Re1 O-O-O 14.
Nbd2 Rhg8 15. Ne4 Qe7 16. Ng3 Qc7 17. Qe4 h6 18. Ne5 Nxe5 19. Qxe5 Qxe5 20.
Rxe5 Rg5 21. Rxg5 hxg5 22. Ne4 Rd5 23. Rd1 Re5 24. f3 Rd5 25. h3 b6 26. g4 dxc3
27. Nxc3 Rxd1+ 28. Nxd1 Bd5 29. Kf2 b5 30. Nc3 Bc6 31. a3 a5 32. a4 bxa4 33.
Nd1 Kc7 34. Ke3 Kd6 35. Nc3 Ke5 36. Nd1 f5 37. gxf5 Kxf5 38. Nc3 Ke5 39. Ne2
Bd7 40. f4+ gxf4+ 41. Nxf4 Bf5 42. h4 1/2-1/2

[Event "Skopje MKD"]
[Site "Skopje MKD"]
[Date "2014.04.04"]
[Round "8.112"]
[White "Vukelic, Zvonimir"]
[Black "Lakinska, Simona"]
[Result "1/2-1/2"]
[WhiteElo "1875"]
[BlackElo "1642"]
[PlyCount "114"]
[EventDate "2014.03.29"]
[EventType "swiss"]
[EventRounds "9"]

1. e4 e5 2. Nf3 Nc6 3. Bc4 Nf6 4. d3 Bc5 5. Bg5 h6 6. Bxf6 Qxf6 7. c3 d6 8. h3
Be6 9. Nbd2 a6 10. O-O O-O 11. b4 Ba7 12. a4 Ne7 13. Qe2 c6 14. Kh1 Bb6 15. Bb3
Bxb3 16. Nxb3 Qe6 17. Nbd2 f5 18. Nc4 Bc7 19. Nfd2 f4 20. Nf3 Kh7 21. a5 g5 22.
Nh2 Kg6 23. f3 Ng8 24. Rfd1 Nf6 25. Nf1 h5 26. d4 Rad8 27. d5 cxd5 28. exd5 Qf5
29. Nh2 Kh6 30. Ra2 Rg8 31. Qf1 Rd7 32. Rf2 Rh7 33. Qd3 Qd7 34. Nd2 g4 35. fxg4
hxg4 36. hxg4 Nxg4 37. Nxg4+ Qxg4 38. Nf3 Kg7+ 39. Kg1 Rh5 40. Kf1 Rh1+ 41. Ke2
Rxd1 42. Kxd1 Rh8 43. Qe2 Rh1+ 44. Ne1 Qxe2+ 45. Kxe2 b6 46. axb6 Bxb6 47. Rf3
a5 48. g3 Rh2+ 49. Kd1 fxg3 50. Rxg3+ Kf7 51. bxa5 Bxa5 52. Nc2 Bb6 53. Nb4 Rh6
54. Rf3+ Rf6 55. Ke2 Rxf3 56. Kxf3 Kf6 57. Ke4 Bc5 1/2-1/2

[Event "Skopje MKD"]
[Site "Skopje MKD"]
[Date "2014.04.04"]
[Round "8.115"]
[White "Peczely, Gyorgy"]
[Black "Manova, Ivana"]
[Result "1/2-1/2"]
[WhiteElo "1832"]
[BlackElo "1589"]
[PlyCount "69"]
[EventDate "2014.03.29"]
[EventType "swiss"]
[EventRounds "9"]

1. d4 d5 2. Nf3 Nf6 3. g3 Bf5 4. Bg2 e6 5. Nbd2 Nc6 6. O-O Bd6 7. b3 Nb4 8. Ne1
O-O 9. a3 Nc6 10. Bb2 e5 11. dxe5 Bxe5 12. Bxe5 Nxe5 13. Ndf3 Nxf3+ 14. Nxf3 c6
15. Nd4 Bg6 16. Rc1 Qa5 17. a4 Rad8 18. Qe1 Qxe1 19. Rfxe1 Rfe8 20. h3 Ne4 21.
Bxe4 Bxe4 22. e3 Bf5 23. g4 Bg6 24. f3 Re7 25. Kf2 f6 26. f4 Be4 27. c4 Kf7 28.
Ne2 f5 29. Ng3 fxg4 30. Nxe4 Rxe4 31. hxg4 dxc4 32. Rxc4 Rxc4 33. bxc4 Rd3 34.
Rb1 b6 35. Rh1 1/2-1/2

[Event "Skopje MKD"]
[Site "Skopje MKD"]
[Date "2014.04.05"]
[Round "9.1"]
[White "Georgiev, Kiril"]
[Black "Vovk, Andrey"]
[Result "1-0"]
[WhiteElo "2625"]
[BlackElo "2605"]
[PlyCount "117"]
[EventDate "2014.03.29"]
[EventType "swiss"]
[EventRounds "9"]

1. d4 f5 2. g3 Nf6 3. Bg2 g6 4. Nf3 Bg7 5. O-O O-O 6. c4 d6 7. Nc3 c6 8. b3 Na6
9. Bb2 Qc7 10. d5 e5 11. dxe6 Bxe6 12. Ng5 Bd7 13. Qd2 Rad8 14. Rfd1 Bc8 15.
Rac1 Qe7 16. e3 Nc5 17. Qc2 Ng4 18. Nf3 Ne4 19. Rf1 Ngf6 20. Rcd1 Be6 21. Nd2
d5 22. cxd5 Nxc3 23. Bxc3 Bxd5 24. Bd4 Bxg2 25. Kxg2 Qc7 26. Nf3 Nd5 27. Rd2
Bxd4 28. Rxd4 Qe7 29. Rfd1 Nc7 30. Rxd8 Rxd8 31. Rxd8+ Qxd8 32. Qc5 a6 33. Qb4
b5 34. Qa5 Qb8 35. h4 c5 36. Qd2 Qf8 37. Qd7 Qf7 38. Qc8+ Ne8 39. Ng5 Qe7 40.
Ne6 c4 41. bxc4 bxc4 42. Qxc4 Qb7+ 43. Kg1 Nd6 44. Qd4 Ne4 45. a4 a5 46. Qc4
Nd2 47. Qd3 Nf3+ 48. Kf1 Nh2+ 49. Ke2 Qf3+ 50. Kd2 Qxf2+ 51. Kc3 Nf3 52. Qd6
Qxe3+ 53. Kc4 Qe4+ 54. Kb5 Kf7 55. Nd8+ Ke8 56. Nc6 f4 57. gxf4 Qf5+ 58. Kb6 h5
59. Qe7# 1-0

[Event "Skopje MKD"]
[Site "Skopje MKD"]
[Date "2014.04.05"]
[Round "9.2"]
[White "Salgado Lopez, Ivan"]
[Black "Markus, Robert"]
[Result "1/2-1/2"]
[WhiteElo "2605"]
[BlackElo "2608"]
[PlyCount "190"]
[EventDate "2014.03.29"]
[EventType "swiss"]
[EventRounds "9"]

1. e4 d6 2. d4 Nf6 3. Nd2 e5 4. c3 Nbd7 5. Ngf3 g6 6. Bd3 Bg7 7. O-O O-O 8. Re1
Re8 9. h3 a5 10. Bc2 Bh6 11. Nf1 Bxc1 12. Rxc1 Qe7 13. Ne3 Nb6 14. c4 Nbd7 15.
Nd5 Qd8 16. Qd2 c6 17. Nc3 Qe7 18. Rcd1 Nh5 19. Bb3 Kg7 20. Kh2 Nhf6 21. Bc2
Rb8 22. Ne2 b6 23. Ng3 Nf8 24. Bb3 c5 25. dxe5 dxe5 26. Ba4 Bd7 27. Bxd7 N6xd7
28. Re3 Nf6 29. Rd3 h6 30. Kg1 N6h7 31. Rd5 Qf6 32. Qc3 Ne6 33. Rxe5 Nhg5 34.
Nxg5 hxg5 35. Red5 Qxc3 36. bxc3 b5 37. cxb5 Rxb5 38. f3 Rb2 39. R5d2 Reb8 40.
Kf2 c4 41. Nf1 Nc5 42. Rxb2 Rxb2+ 43. Rd2 Nd3+ 44. Kg3 f5 45. exf5 gxf5 46.
Rxb2 Nxb2 47. f4 gxf4+ 48. Kxf4 Nd1 49. Ne3 Nxc3 50. a3 Kf6 51. Nxc4 Nd5+ 52.
Kf3 a4 53. h4 Nc3 54. Ke3 Nb5 55. Kf4 Nd4 56. Nb6 Ne2+ 57. Ke3 Nc3 58. Kf3 Nb5
59. Nc4 Nc3 60. Ke3 Nb5 61. Kf4 Nd4 62. Nb2 Ne2+ 63. Kf3 Nd4+ 64. Kf2 Nb5 65.
Nc4 Kg6 66. Kf3 Nd4+ 67. Kf4 Kf6 68. Nd6 Ne6+ 69. Ke3 Kg6 70. Kf3 Kf6 71. Nb5
Ke5 72. Ke3 Nf4 73. Kf2 Nd5 74. Kf3 Nb6 75. Kg3 Kf6 76. Nc3 Nc4 77. Nxa4 Nxa3
78. Nc3 Ke5 79. h5 Nc4 80. Kh4 Kf6 81. Nd5+ Ke5 82. Nc3 Kf6 83. Nd5+ Ke5 84.
Nc7 Kf6 85. Ne8+ Kf7 86. Nc7 Kf6 87. g3 Nd6 88. Nd5+ Ke5 89. Nf4 Nf7 90. Ne2
Kf6 91. Nc3 Ke5 92. Ne2 Kf6 93. Nd4 Ke5 94. Nc6+ Kf6 95. Nb8 Ne5 1/2-1/2

[Event "Skopje MKD"]
[Site "Skopje MKD"]
[Date "2014.04.05"]
[Round "9.3"]
[White "Anton Guijarro, David"]
[Black "Iturrizaga Bonelli, Eduardo"]
[Result "0-1"]
[WhiteElo "2559"]
[BlackElo "2645"]
[PlyCount "72"]
[EventDate "2014.03.29"]
[EventType "swiss"]
[EventRounds "9"]

1. d4 Nf6 2. c4 e6 3. Nf3 b6 4. e3 Bb7 5. Bd3 d5 6. O-O Bd6 7. b3 O-O 8. Bb2
Nbd7 9. Nc3 a6 10. a4 Qe7 11. cxd5 exd5 12. a5 b5 13. Ne2 Ne4 14. Ng3 f5 15.
Rc1 c6 16. Rc2 Bb4 17. Qa1 Qd8 18. Nh5 Qxa5 19. Qc1 Qb6 20. Nf4 Rae8 21. Be2
Bd6 22. Nd3 c5 23. dxc5 Ndxc5 24. Qa1 Nxb3 25. Qa2 Na5 26. Bd4 Qd8 27. Nf4 Nc4
28. Rd1 g5 29. Bxc4 dxc4 30. Nd3 Qe7 31. Ba1 h6 32. Nc1 Kh7 33. Qb2 Rd8 34. Nd4
Qe5 35. g3 Nf6 36. Rxc4 Qd5 0-1

[Event "Skopje MKD"]
[Site "Skopje MKD"]
[Date "2014.04.05"]
[Round "9.4"]
[White "Berkes, Ferenc"]
[Black "Kozul, Zdenko"]
[Result "0-1"]
[WhiteElo "2687"]
[BlackElo "2586"]
[PlyCount "92"]
[EventDate "2014.03.29"]
[EventType "swiss"]
[EventRounds "9"]

1. d4 Nf6 2. c4 g6 3. Nc3 Bg7 4. e4 d6 5. Nf3 O-O 6. Be2 e5 7. O-O c6 8. Qc2
Nbd7 9. d5 c5 10. Bg5 Kh8 11. Ne1 Rg8 12. Nd3 Qf8 13. Kh1 Ne8 14. a4 Bh6 15.
Bxh6 Qxh6 16. f4 exf4 17. Rxf4 Ne5 18. Raf1 f5 19. Nb5 g5 20. R4f2 f4 21. Qc3
Qg7 22. g3 a6 23. Nxd6 Nxd6 24. Nxe5 Re8 25. gxf4 Nxe4 26. Nf7+ Kg8 27. Qxg7+
Kxg7 28. Nxg5 Nxf2+ 29. Rxf2 Bf5 30. Kg1 Re3 31. Bh5 h6 32. Nf3 Kf6 33. Rd2 Re4
34. b3 Rxf4 35. Kf2 a5 36. Re2 Re4 37. Rd2 Rg8 38. Rd1 b6 39. Rd2 Bd7 40. Re2
Rxe2+ 41. Kxe2 Kf5 42. Ke3 Rg7 43. Nd2 Re7+ 44. Kd3 Kf4 45. Bg6 Re3+ 46. Kc2
Rh3 0-1

[Event "Skopje MKD"]
[Site "Skopje MKD"]
[Date "2014.04.05"]
[Round "9.6"]
[White "Roiz, Michael"]
[Black "Rozentalis, Eduardas"]
[Result "1/2-1/2"]
[WhiteElo "2591"]
[BlackElo "2623"]
[PlyCount "120"]
[EventDate "2014.03.29"]
[EventType "swiss"]
[EventRounds "9"]

1. c4 e6 2. Nc3 b6 3. d4 Bb7 4. a3 d5 5. cxd5 exd5 6. g3 Nf6 7. Bg2 Be7 8. Nf3
O-O 9. O-O Nbd7 10. Bf4 Ne4 11. Qb3 Nxc3 12. bxc3 c5 13. a4 Nf6 14. a5 Ba6 15.
axb6 axb6 16. Qb2 cxd4 17. cxd4 Bc4 18. Rxa8 Qxa8 19. Qxb6 Bxe2 20. Re1 Bxf3
21. Bxf3 Re8 22. Qb5 Bd6 23. Be5 Bxe5 24. dxe5 Rxe5 25. Rd1 h6 26. Kg2 g5 27.
h3 Kg7 28. Qb2 Qe8 29. Rd4 Qe6 30. Rb4 Re1 31. Rb6 Qe5 32. Qxe5 Rxe5 33. Rd6
Re1 34. g4 Ra1 35. Kg3 Ra4 36. Kg2 Rf4 37. Rd8 Rd4 38. Kf1 Rd3 39. Kg2 Rc3 40.
Rd6 Ra3 41. Rd8 Ra4 42. Rd6 d4 43. Rd8 Nh7 44. Be4 Nf8 45. Bf5 Ng6 46. Bxg6
Kxg6 47. Rd6+ f6 48. Kf3 Ra3+ 49. Ke2 Rxh3 50. Rxd4 h5 51. gxh5+ Kxh5 52. Kf1
f5 53. Kg2 g4 54. Rd5 Kg5 55. Ra5 Rd3 56. Rb5 Kf4 57. Rb4+ Ke5 58. Rb5+ Ke4 59.
Rb4+ Rd4 60. Rxd4+ Kxd4 1/2-1/2

[Event "Skopje MKD"]
[Site "Skopje MKD"]
[Date "2014.04.05"]
[Round "9.7"]
[White "Grigoriants, Sergey"]
[Black "Peralta, Fernando"]
[Result "1-0"]
[WhiteElo "2574"]
[BlackElo "2613"]
[PlyCount "142"]
[EventDate "2014.03.29"]
[EventType "swiss"]
[EventRounds "9"]

1. Nf3 d5 2. d4 Nf6 3. c4 e6 4. Nc3 Bb4 5. cxd5 exd5 6. Bg5 Nbd7 7. Qc2 c5 8.
dxc5 h6 9. Bd2 O-O 10. e3 Re8 11. Be2 Bxc5 12. O-O a6 13. Qb3 Nf8 14. Rac1 Ne6
15. Rfd1 b5 16. Be1 Bb7 17. Bf1 Bd6 18. Ne2 Nc5 19. Qc2 Nce4 20. h3 Qb6 21.
Ned4 Rac8 22. Qd3 Nc5 23. Qa3 Nfe4 24. Ba5 Qa7 25. Bb4 Qb6 26. Rc2 Na4 27. Rdc1
Rxc2 28. Rxc2 Rc8 29. Bd3 Rxc2 30. Bxc2 Nac5 31. Ba5 Qa7 32. Nf5 Bf8 33. Bb4
Qb6 34. N3d4 Bc8 35. Bxe4 dxe4 36. Ng3 Qc7 37. Qc3 Bb7 38. Nb3 Ne6 39. Qxc7
Nxc7 40. Bxf8 Kxf8 41. Nc5 Bd5 42. a3 Ke7 43. Ngxe4 Bxe4 44. Nxe4 Ke6 45. Kf1
Kd5 46. Nd2 Ne6 47. b4 Nd8 48. Ke2 Nc6 49. Kd3 f5 50. Kc3 g5 51. g4 Ke5 52. Kd3
fxg4 53. hxg4 Kd5 54. Kc3 Ne5 55. f3 Nc6 56. Nb3 Ne5 57. Nd4 Nc4 58. e4+ Ke5
59. a4 Nd6 60. axb5 axb5 61. Kd3 Kf4 62. Ke2 Ke5 63. Nf5 Nb7 64. Ke3 Nd8 65.
Nd4 Kf6 66. f4 gxf4+ 67. Kxf4 Nf7 68. Nxb5 Ne5 69. Nc3 Nd3+ 70. Kg3 Nxb4 71.
Nd5+ Nxd5 1-0